Brocardos Jurd̕icos Vol IV

Detalles Bibliográficos
Autor principal: Carletti, Amilcare
Formato: eBook
Publicado: Sô Paulo: LEUD, 1986.
Materias:
Acceso en línea:Acceso restringido

MARC

LEADER 00000nam a22000007a 4500
005 20161103155954.0
007 cr|||| ||u|
008 161103s1986 Bl |||||o|||| 001 0 Por d
035 |a 14458 
040 |a vLex 
090 |c 6348  |d 6348 
100 1 |a Carletti, Amilcare 
245 1 |a Brocardos Jurd̕icos Vol IV  |h [Recurso electrn̤ico] /  |c Amilcare Carletti. 
256 |a Servicio en ln̕ea 
260 |a Sô Paulo:  |b LEUD,  |c 1986. 
300 |a 1 Recurso electrn̤ico 
506 1 |a Disponible en los productos indicados  |d vLex Global  |d vLex Global (Academic Edition, excluding Law Schools)  |d vLex Global (U.S. Academic Edition, Law Schools)  |d vLex Global (U.S. Academic Edition, excluding Law Schools)  |d vLex Global (Academic Edition, Law Schools) 
650 0 4 |a Social sciences  |z Brasil 
740 0 |a vLex libros (servicio en ln̕ea) 
856 4 0 |u http://vlex.com/source/brocardos-juridicos-vol-iv-14458  |z Acceso restringido 
942 |c BOOK 
999 0 |a Social sciences